| 000 | 01398nam a2200337 a 4500 | ||
|---|---|---|---|
| 001 | ebr10313612 | ||
| 003 | CaPaEBR | ||
| 006 | m u | ||
| 007 | cr cn||||||||| | ||
| 008 | 080911s2009 mauaf sb 001 0 eng | ||
| 010 | _z 2008040246 | ||
| 020 | _z9781405187428 (alk. paper) | ||
| 020 | _z9781405187411 (pbk. : alk. paper) | ||
| 040 |
_aCaPaEBR _cCaPaEBR |
||
| 035 | _a(OCoLC)428985612 | ||
| 043 | _an-us--- | ||
| 050 | 1 | 4 |
_aPN1993.5.U6 _bG32 2009eb |
| 082 | 0 | 4 |
_a791.430973/090511 _222 |
| 100 | 1 | _aGardels, Nathan. | |
| 245 | 1 | 0 |
_aAmerican idol after Iraq _h[electronic resource] : _bcompeting for hearts and minds in the global media age / _cNathan Gardels and Mike Medavoy. |
| 260 |
_aMalden, MA : _bWiley-Blackwell, _c2009. |
||
| 300 |
_ax, 170 p., [4] p. of plates : _bill. |
||
| 504 | _aIncludes bibliographical references and index. | ||
| 533 |
_aElectronic reproduction. _bPalo Alto, Calif. : _cebrary, _d2013. _nAvailable via World Wide Web. _nAccess may be limited to ebrary affiliated libraries. |
||
| 650 | 0 |
_aMotion pictures, American _zForeign countries. |
|
| 650 | 0 |
_aMotion pictures, American _zForeign countries _xInfluence. |
|
| 655 | 7 |
_aElectronic books. _2local |
|
| 700 | 1 | _aMedavoy, Mike. | |
| 710 | 2 | _aebrary, Inc. | |
| 856 | 4 | 0 |
_uhttp://site.ebrary.com/lib/rucke/Doc?id=10313612 _zAn electronic book accessible through the World Wide Web; click to view |
| 999 |
_c62812 _d62812 |
||